000 01030nam a2200205Ii 4500
003 JO-AjNU
008 230605s9999||||xx |||||||||||||| ||und||
017 _a41649
040 _aJO-AjNU
_bara
_erda
_cJO-AjNU
041 _aara
050 1 4 _aZ4371.J67 2014
100 3 _aالأردن، دائرة المكتبة الوطنية,
_eauthor
_947410
245 0 0 _aالببليوغرافيا الوطنية الأردنية: السجل السنوي للنتاج الفكري في المملكة الأردنية الهاشمية لعام 2012 = The jordanian National Bibliography : The Annual Regisited Of Jordanian Books Legally Deposited Of the National Library in 2012
264 3 1 _aعمان: دائرة المكتبة الاردنية، 2014
300 _a439ص باللغة العربية، 59ص باللغة الانجليزية
336 _atext
_btxt
_2rdacontent
337 _aunmediated
_bn
_2rdamedia
338 _avolume
_bnc
_2rdacarrier
650 4 _aالببليوغرافيا الاردنية لعام 2012
_947411
999 _aA20695
_c24263
_d24263